Oceania Map Quiz - Statistics

General Stats
  • This quiz has been taken 64 times
  • The average score is 7 of 14
Answers on the Map
Answers color-coded by a green-red scale on the quiz's map according to % correct below.
 
Answer Stats
Answer % Correct
Australia
83%
Federated States of Micronesia
70%
New Zealand
65%
Papua New Guinea
65%
Fiji
61%
Kiribati
52%
Marshall Islands
52%
Palau
43%
Nauru
39%
Samoa
39%
Solomon Islands
39%
Tonga
35%
Tuvalu
35%
Vanuatu
26%
No matching quizzes found
Score Distribution
Percent of People with Each Score
Percentile by Number Answered
Your Score History
You have not taken this quiz